[Event "Titled Tuesday intern op 08th Aug Early"]
[Site "Chess.com INT"]
[Date "2023.08.08"]
[Round "5"]
[White "Bures, Vit"]
[Black "Ibadov, Dashgyn"]
[Result "1-0"]
[WhiteElo "2176"]
[BlackElo "2360"]
[PlyCount "55"]
[EventDate "2023.08.08"]
[EventType "swiss (blitz)"]
[EventRounds "11"]
[EventCountry "USA"]
[SourceTitle "EXT 2024"]
[Source "ChessBase"]
[SourceDate "2023.10.10"]
[SourceVersion "1"]
[SourceVersionDate "2023.10.10"]
[SourceQuality "1"]

1. d4 Nf6 2. c4 c5 3. d5 d6 4. Nc3 g6 5. e4 Bg7 6. Nf3 0-0 7. Be2 e6 8. 0-0 exd5 9. exd5 Bg4 10. Bf4 Nh5 11. Bg5 Bf6 12. Bh6 Re8 13. h3 Bxf3 14. Bxf3 Bxc3 15. bxc3 Ng7 16. Rb1 b6 17. Bg4 Nd7 18. Bxd7 Qxd7 19. Qf3 Nf5 20. Bg5 Qa4 21. Qf4 Qxa2 22. g4 Ng7 23. Bf6 Kh8 24. Qh6 Rg8 25. Rbe1 Qxc4 26. Re7 Qxd5 27. Rfe1 a5 28. Qxg7+ 1-0

[Event "Titled Tuesday intern op 08th Aug Early"]
[Site "Chess.com INT"]
[Date "2023.08.08"]
[Round "3"]
[White "Pogorelskikh, Sofia"]
[Black "Bures, Vit"]
[Result "1/2-1/2"]
[WhiteElo "2153"]
[BlackElo "2176"]
[PlyCount "104"]
[EventDate "2023.08.08"]
[EventType "swiss (blitz)"]
[EventRounds "11"]
[EventCountry "USA"]
[SourceTitle "EXT 2024"]
[Source "ChessBase"]
[SourceDate "2023.10.10"]
[SourceVersion "1"]
[SourceVersionDate "2023.10.10"]
[SourceQuality "1"]

1. e4 e5 2. Nf3 Nc6 3. Bc4 Bc5 4. d3 Nf6 5. Nc3 h6 6. a3 a6 7. Be3 Bxe3 8. fxe3 0-0 9. Qd2 d6 10. Ne2 Be6 11. Bxe6 fxe6 12. 0-0 Ne7 13. c4 Ng6 14. b4 c6 15. Nc3 d5 16. exd5 exd5 17. cxd5 cxd5 18. d4 Ne4 19. Nxe4 dxe4 20. Qa2+ Kh8 21. Nxe5 Nxe5 22. dxe5 Qd3 23. Rxf8+ Rxf8 24. Re1 Qc3 25. Qa1 Rc8 26. Qxc3 Rxc3 27. Rd1 Kg8 28. Rd7 b5 29. e6 Kf8 30. Rf7+ Kg8 31. Ra7 Kf8 32. Rxa6 Rxe3 33. Kf2 Rc3 34. a4 bxa4 35. b5 Rb3 36. b6 Ke7 37. Rxa4 e3+ 38. Ke2 Kxe6 39. Re4+ Kf6 40. Rxe3 Rxb6 41. Rf3+ Kg6 42. Rg3+ Kh7 43. Rf3 h5 44. h4 Rb4 45. g3 Kg6 46. Kf2 Kh6 47. Rf5 g6 48. Ra5 Rb2+ 49. Kf3 Rb3+ 50. Kf2 Rb2+ 51. Kf3 Rb3+ 52. Kf2 Rb2+ 1/2-1/2

[Event "CZE-ch Amateur"]
[Site "Hluk"]
[Date "2023.05.10"]
[Round "7"]
[White "Bures, Vit"]
[Black "Popov, Roman4444"]
[Result "1-0"]
[WhiteElo "2159"]
[BlackElo "1751"]
[PlyCount "99"]
[EventDate "2023.05.06"]
[EventType "swiss"]
[EventRounds "9"]
[EventCountry "CZE"]
[SourceTitle "CBM 214 Extra"]
[Source "ChessBase"]
[SourceDate "2023.07.31"]
[SourceVersion "1"]
[SourceVersionDate "2023.07.31"]
[SourceQuality "1"]

1. d4 d5 2. c4 c6 3. Nc3 Nf6 4. e3 g6 5. Nf3 Bg7 6. Be2 0-0 7. 0-0 Nbd7 8. cxd5 cxd5 9. Qb3 Nb6 10. a4 a5 11. Bd2 Bg4 12. Rfc1 e6 13. h3 Bxf3 14. Bxf3 Nc4 15. Be1 Ne8 16. Rc2 Ned6 17. Rac1 Qd7 18. Nxd5 exd5 19. Bxd5 b5 20. axb5 Nb6 21. Bc6 Qf5 22. Bxa8 Rxa8 23. Rc6 Ndc8 24. R6c5 Qd7 25. Rc7 Qe8 26. Bd2 Bf8 27. Rb7 Bd6 28. e4 a4 29. Qd3 a3 30. bxa3 Rxa3 31. Qe2 Ra2 32. Qd3 Ra3 33. Qc2 Ra4 34. Be3 Rc4 35. Qd3 Qxb5 36. Rxc4 Qxc4 37. Qxc4 Nxc4 38. e5 Be7 39. Rc7 N4b6 40. d5 Bd8 41. Rc5 Ne7 42. d6 Ned5 43. Bh6 g5 44. Kh2 Nf4 45. Rb5 Ne6 46. g3 Nd4 47. Rb4 Nf3+ 48. Kg2 Nxe5 49. Re4 Ned7 50. Re8+ 1-0

[Event "Titled Tuesday intern op 20th Dec Early"]
[Site "Chess.com INT"]
[Date "2022.12.20"]
[Round "8"]
[White "Bures, Vit"]
[Black "Kovacevic, Radmila"]
[Result "0-1"]
[WhiteElo "2155"]
[BlackElo "2106"]
[PlyCount "86"]
[EventDate "2022.12.20"]
[EventType "swiss (blitz)"]
[EventRounds "11"]
[EventCountry "USA"]
[SourceTitle "EXT 2024"]
[Source "ChessBase"]
[SourceDate "2023.10.10"]
[SourceVersion "1"]
[SourceVersionDate "2023.10.10"]
[SourceQuality "1"]

1. d4 e5 2. dxe5 Nc6 3. Nf3 Qe7 4. Bf4 Qb4+ 5. Bd2 Qxb2 6. Nc3 Bb4 7. Rb1 Qxc3 8. Bxc3 Bxc3+ 9. Nd2 Bxe5 10. e4 Nf6 11. Bd3 0-0 12. 0-0 a6 13. h3 d6 14. f4 Bd4+ 15. Kh2 Rb8 16. Nf3 Be3 17. g3 Re8 18. Re1 Ba7 19. e5 dxe5 20. fxe5 Nd7 21. e6 fxe6 22. Ng5 h6 23. Nxe6 Nde5 24. Nxc7 Rf8 25. Rf1 Bf2 26. Nd5 Be6 27. Nf4 Nxd3 28. cxd3 Rxf4 29. gxf4 Bd4 30. Qf3 Bxa2 31. Rbe1 Bf7 32. Re4 Bf6 33. Rb1 Ne7 34. Reb4 b5 35. Qf2 Nd5 36. Qa7 Rd8 37. Qxa6 Nxb4 38. Rxb4 Rxd3 39. Qxb5 Rd2+ 40. Kg3 Kh7 41. Qe5 Bxe5 42. fxe5 Rd3+ 43. Kf4 Be6 0-1

[Event "Skalica op-A"]
[Site "Skalica"]
[Date "2022.08.23"]
[Round "4"]
[White "Souleidis, Georgios"]
[Black "Bures, Vit"]
[Result "1-0"]
[WhiteElo "2429"]
[BlackElo "2130"]
[PlyCount "101"]
[EventDate "2022.08.20"]
[EventType "swiss"]
[EventRounds "9"]
[EventCountry "SVK"]
[SourceTitle "CBM 209 Extra"]
[Source "ChessBase"]
[SourceDate "2022.09.30"]
[SourceVersion "1"]
[SourceVersionDate "2022.09.30"]
[SourceQuality "1"]

1. e4 e5 2. Bc4 Nf6 3. d3 c6 4. Nf3 d5 5. Bb3 Bd6 6. Nc3 dxe4 7. Ng5 0-0 8. Ngxe4 Nxe4 9. Nxe4 Bf5 10. Qf3 Bxe4 11. dxe4 a5 12. a4 Na6 13. 0-0 Qe7 14. Qg4 Kh8 15. Bg5 f6 16. Bd2 Bb4 17. c3 Bc5 18. Rad1 Rfd8 19. Bc1 Bb6 20. g3 Nc5 21. Be3 Rxd1 22. Rxd1 Rd8 23. Rxd8+ Qxd8 24. Bxc5 Bxc5 25. Qe6 h6 26. Kg2 Qf8 27. h4 b6 28. Bc4 g6 29. Qxc6 h5 30. b4 axb4 31. cxb4 Bxb4 32. Qxb6 Kg7 33. Bd5 Qc5 34. Qe6 Qf8 35. Qb6 Qc5 36. Qe6 Qf8 37. Kh3 Kh6 38. f3 Kg7 39. Qd7+ Qe7 40. Qc8 Qf8 41. Qb7+ Qe7 42. Qb5 Qc5 43. Qe8 Qf8 44. Qe6 Kh6 45. Bc6 Kg7 46. Be8 Qe7 47. Qxe7+ Bxe7 48. a5 Kh6 49. a6 Bc5 50. Kg2 g5 51. Kf1 1-0

[Event "Titled Tuesday intern op 12th Apr Early"]
[Site "Chess.com INT"]
[Date "2022.04.12"]
[Round "8"]
[White "Bures, Vit"]
[Black "Agasarov, Benik"]
[Result "0-1"]
[WhiteElo "2112"]
[BlackElo "2249"]
[PlyCount "108"]
[EventDate "2022.04.12"]
[EventType "swiss (blitz)"]
[EventRounds "11"]
[EventCountry "USA"]
[SourceTitle "CBM 207 Extra"]
[Source "ChessBase"]
[SourceDate "2022.05.31"]
[SourceVersion "1"]
[SourceVersionDate "2022.05.31"]
[SourceQuality "1"]

1. d4 Nf6 2. c4 e6 3. Nc3 Bb4 4. e3 0-0 5. Nge2 d5 6. a3 Be7 7. cxd5 exd5 8. Nf4 c6 9. Bd3 Re8 10. 0-0 Nbd7 11. f3 c5 12. Ncxd5 Nxd5 13. Nxd5 Bd6 14. Qc2 cxd4 15. exd4 Qh4 16. f4 Nf6 17. g3 Qh3 18. Nxf6+ gxf6 19. Be4 Bg4 20. Bg2 Qh5 21. Bd2 Rac8 22. Qb3 Re2 23. Rf2 Rxf2 24. Kxf2 Be6 25. Qf3 Qxf3+ 26. Bxf3 Rc2 27. Ke3 Rxb2 28. Rc1 Rb3+ 29. Rc3 Rxc3+ 30. Bxc3 Bxa3 31. Bxb7 Kf8 32. d5 Bc5+ 33. Bd4 Bxd4+ 34. Kxd4 Bg4 35. Kc5 Ke7 36. d6+ Kd8 37. Bc6 Bd7 38. Bb7 h6 39. Ba6 Ba4 40. Kd5 Kd7 41. Kc5 Bc6 42. h4 f5 43. Bc4 f6 44. Bd3 Be4 45. Bc4 a5 46. Bb3 Bc6 47. Bc4 a4 48. Ba2 a3 49. Bc4 Be4 50. Ba2 Bd3 51. Bd5 Bb1 52. Be6+ Kd8 53. d7 a2 54. Kd5 a1Q 0-1

[Event "Titled Tuesday intern op 12th Apr Early"]
[Site "Chess.com INT"]
[Date "2022.04.12"]
[Round "11"]
[White "Bures, Vit"]
[Black "Alinasab, Mobina"]
[Result "0-1"]
[WhiteElo "2112"]
[BlackElo "2355"]
[PlyCount "64"]
[EventDate "2022.04.12"]
[EventType "swiss (blitz)"]
[EventRounds "11"]
[EventCountry "USA"]
[SourceTitle "CBM 207 Extra"]
[Source "ChessBase"]
[SourceDate "2022.05.31"]
[SourceVersion "1"]
[SourceVersionDate "2022.05.31"]
[SourceQuality "1"]

1. d4 Nf6 2. c4 e6 3. Nc3 Bb4 4. e3 b6 5. Nge2 Ne4 6. Qc2 Bb7 7. a3 Bxc3+ 8. Nxc3 Nxc3 9. Qxc3 Qh4 10. Bd2 d6 11. c5 Bd5 12. cxd6 cxd6 13. Qc7 0-0 14. Qxd6 Nc6 15. Qg3 Qf6 16. Be2 Rac8 17. 0-0 Rfe8 18. Rac1 e5 19. dxe5 Nxe5 20. Bc3 Rxc3 21. Rxc3 Ng6 22. Rd1 Be6 23. h3 h6 24. Qc7 Qg5 25. Qg3 Qf6 26. Qf3 Qe7 27. Bf1 Ne5 28. Qe4 Ng6 29. Qc6 Rf8 30. Qa4 a5 31. Qc2 Qg5 32. Qe2 Nh4 0-1

[Event "Titled Tuesday intern op 12th Apr Early"]
[Site "Chess.com INT"]
[Date "2022.04.12"]
[Round "1"]
[White "Moroni, Luca Jr"]
[Black "Bures, Vit"]
[Result "1-0"]
[WhiteElo "2584"]
[BlackElo "2112"]
[PlyCount "59"]
[EventDate "2022.04.12"]
[EventType "swiss (blitz)"]
[EventRounds "11"]
[EventCountry "USA"]
[SourceTitle "CBM 207 Extra"]
[Source "ChessBase"]
[SourceDate "2022.05.31"]
[SourceVersion "1"]
[SourceVersionDate "2022.05.31"]
[SourceQuality "1"]

1. d4 d5 2. Nf3 Nf6 3. c4 c6 4. e3 Bg4 5. h3 Bh5 6. Nc3 e6 7. g4 Bg6 8. Qb3 Qb6 9. Ne5 Nbd7 10. Nxg6 hxg6 11. Bg2 g5 12. Bd2 Qxb3 13. axb3 Bd6 14. e4 dxe4 15. Bxg5 Bb4 16. Ke2 Bxc3 17. bxc3 a6 18. Ke3 0-0 19. Bxe4 Nxe4 20. Kxe4 f5+ 21. Ke3 fxg4 22. hxg4 e5 23. d5 cxd5 24. cxd5 Rac8 25. c4 Nf6 26. f3 e4 27. Bxf6 exf3 28. Be7 Rce8 29. d6 Rf6 30. Kf2 1-0

[Event "Titled Tuesday intern op 29th Mar Late"]
[Site "Chess.com INT"]
[Date "2022.03.29"]
[Round "2"]
[White "Bures, Vit"]
[Black "Dimakiling, Oliver"]
[Result "1-0"]
[WhiteElo "2138"]
[BlackElo "2420"]
[PlyCount "85"]
[EventDate "2022.03.29"]
[EventType "swiss (blitz)"]
[EventRounds "11"]
[EventCountry "USA"]
[SourceTitle "CBM 207 Extra"]
[Source "ChessBase"]
[SourceDate "2022.05.31"]
[SourceVersion "1"]
[SourceVersionDate "2022.05.31"]
[SourceQuality "1"]

1. d4 Nf6 2. c4 e6 3. Nc3 Bb4 4. e3 0-0 5. Nge2 Re8 6. a3 Bf8 7. Ng3 d6 8. Be2 Nbd7 9. 0-0 e5 10. d5 e4 11. Qc2 Qe7 12. b4 g6 13. Bb2 h5 14. Rfd1 h4 15. Nf1 h3 16. gxh3 Nh7 17. Ng3 f5 18. Nb5 Ndf6 19. c5 Rd8 20. cxd6 cxd6 21. Nc7 Rb8 22. Ne6 Bxe6 23. dxe6 d5 24. Rac1 Qxe6 25. Qc3 Bd6 26. Qd4 a6 27. b5 a5 28. b6 Rbc8 29. Bb5 f4 30. Rxc8 Rxc8 31. Nxe4 dxe4 32. Qxd6 Qxd6 33. Rxd6 Kf7 34. exf4 Rc2 35. Be5 Nh5 36. Rd7+ Kg8 37. Rxb7 N7f6 38. Rb8+ Kf7 39. b7 Nd5 40. Rf8+ Kxf8 41. b8Q+ Kf7 42. Qb7+ Kg8 43. Qxd5+ 1-0

[Event "Titled Tuesday intern op 08th Mar Early"]
[Site "Chess.com INT"]
[Date "2022.03.08"]
[Round "9"]
[White "Bures, Vit"]
[Black "Pinheiro, Iung Alicio"]
[Result "0-1"]
[WhiteElo "2138"]
[BlackElo "2320"]
[PlyCount "90"]
[EventDate "2022.03.08"]
[EventType "swiss (blitz)"]
[EventRounds "11"]
[EventCountry "USA"]
[SourceTitle "CBM 207 Extra"]
[Source "ChessBase"]
[SourceDate "2022.05.31"]
[SourceVersion "1"]
[SourceVersionDate "2022.05.31"]
[SourceQuality "1"]

1. d4 Nf6 2. c4 g6 3. Nc3 d5 4. cxd5 Nxd5 5. e4 Nxc3 6. bxc3 Bg7 7. Nf3 c5 8. Be3 Qa5 9. Qd2 0-0 10. Rc1 Rd8 11. d5 e6 12. Bg5 f6 13. Be3 Qa4 14. c4 exd5 15. exd5 b6 16. Be2 Na6 17. 0-0 Nb4 18. a3 Qxa3 19. Ra1 Qb3 20. Rfb1 Qc2 21. Qe1 Qe4 22. Nd2 Qe7 23. Rxb4 cxb4 24. Bxb6 Re8 25. Be3 f5 26. c5 Bxa1 27. Qxa1 Qe5 28. Qa2 f4 29. Nf3 Qc3 30. Bd4 b3 31. Qa4 Qc1+ 32. Bf1 Bf5 33. Qxb3 Rab8 34. Qc3 Rb1 35. Nd2 Qxc3 36. Bxc3 Rc1 37. Bb4 a5 38. Bxa5 Rxc5 39. Bb4 Rc1 40. d6 Bd3 41. f3 Rb8 42. d7 Rd8 43. Kf2 Bxf1 44. Nxf1 Rxd7 45. Nd2 Rc2 0-1

[Event "Titled Tuesday intern op 15th Feb Early"]
[Site "Chess.com INT"]
[Date "2022.02.15"]
[Round "2"]
[White "Sychev, Klementy"]
[Black "Bures, Vit"]
[Result "1-0"]
[WhiteElo "2553"]
[BlackElo "2121"]
[PlyCount "51"]
[EventDate "2022.02.15"]
[EventType "swiss (blitz)"]
[EventRounds "11"]
[EventCountry "USA"]
[SourceTitle "CBM 206 Extra"]
[Source "ChessBase"]
[SourceDate "2022.03.31"]
[SourceVersion "1"]
[SourceVersionDate "2022.03.31"]
[SourceQuality "1"]

1. g3 d5 2. Bg2 Nf6 3. d3 e5 4. Nf3 Nc6 5. 0-0 Be7 6. Nc3 d4 7. Ne4 Nxe4 8. dxe4 Be6 9. e3 Bc4 10. Re1 d3 11. Bf1 Nb4 12. Nxe5 Nxc2 13. Nxc4 Nxa1 14. Bxd3 Bb4 15. Rf1 0-0 16. Qe2 Qd7 17. e5 Rad8 18. Be4 b5 19. Na3 a6 20. b3 Qe7 21. Nc2 Nxc2 22. Qxc2 Qxe5 23. Bxh7+ Kh8 24. Be4 Qc3 25. Qe2 c5 26. Qh5+ 1-0

[Event "Titled Tuesday intern op 15th Feb Early"]
[Site "Chess.com INT"]
[Date "2022.02.15"]
[Round "3"]
[White "Tsyhanchuk, Stanislav"]
[Black "Bures, Vit"]
[Result "0-1"]
[WhiteElo "2273"]
[BlackElo "2121"]
[PlyCount "52"]
[EventDate "2022.02.15"]
[EventType "swiss (blitz)"]
[EventRounds "11"]
[EventCountry "USA"]
[SourceTitle "CBM 206 Extra"]
[Source "ChessBase"]
[SourceDate "2022.03.31"]
[SourceVersion "1"]
[SourceVersionDate "2022.03.31"]
[SourceQuality "1"]

1. e4 e5 2. Nf3 Nc6 3. Bc4 Bc5 4. c3 Nf6 5. d4 exd4 6. e5 d5 7. Bb5 Ne4 8. cxd4 Bb6 9. 0-0 0-0 10. Nc3 Bg4 11. Bxc6 bxc6 12. Be3 f6 13. Nxe4 dxe4 14. Qb3+ Qd5 15. Nd2 fxe5 16. dxe5 Kh8 17. Rac1 Bxe3 18. Qxe3 Qxe5 19. Rxc6 Qxb2 20. Rxc7 Qxa2 21. Nxe4 a5 22. Qc3 Rf7 23. Rc8+ Rxc8 24. Qg3 Be2 25. Re1 Rd8 26. Ng5 Rfd7 0-1

[Event "Titled Tuesday intern op 25th Jan"]
[Site "Chess.com INT"]
[Date "2022.01.25"]
[Round "11"]
[White "Baker, Chris W"]
[Black "Bures, Vit"]
[Result "0-1"]
[WhiteElo "2227"]
[BlackElo "2121"]
[PlyCount "130"]
[EventDate "2022.01.25"]
[EventType "swiss (blitz)"]
[EventRounds "11"]
[EventCountry "USA"]
[SourceTitle "CBM 206 Extra"]
[Source "ChessBase"]
[SourceDate "2022.03.31"]
[SourceVersion "1"]
[SourceVersionDate "2022.03.31"]
[SourceQuality "1"]

1. d4 d5 2. Nf3 Nf6 3. c4 c6 4. Nc3 e6 5. e3 Nbd7 6. b3 Bd6 7. Bb2 0-0 8. cxd5 exd5 9. Bd3 Qe7 10. 0-0 Re8 11. Qc2 h6 12. Rfe1 Ne4 13. Bxe4 dxe4 14. Nd2 Nf6 15. Nc4 Bf5 16. Nxd6 Qxd6 17. Ne2 Nd5 18. Ng3 Bg6 19. a3 h5 20. b4 h4 21. Nf1 h3 22. g3 Bh5 23. Qc4 a6 24. Nd2 Qf6 25. Qf1 Bg4 26. Nc4 Re6 27. Ne5 Qf5 28. Rac1 Rf6 29. Bc3 Re8 30. Bd2 Rfe6 31. a4 f6 32. Nd7 Qf3 33. Nc5 R6e7 34. Rb1 f5 35. b5 axb5 36. axb5 f4 37. exf4 e3 38. fxe3 Nxe3 39. Qxf3 Bxf3 40. Rxe3 Rxe3 41. Bxe3 Rxe3 42. Kf2 Rc3 43. Nxb7 cxb5 44. Rxb5 Bc6 45. Rc5 Rf3+ 46. Ke2 Bxb7 47. d5 Rb3 48. d6 Kf7 49. Re5 Ba6+ 50. Kf2 Rd3 51. g4 Rxd6 52. Kg3 Rd3+ 53. Kh4 Bc8 54. f5 Rf3 55. Rc5 Bd7 56. Rc7 Ke8 57. Kg5 Rf2 58. Rc3 Rxh2 59. Kh4 Ke7 60. Rxh3 Rxh3+ 61. Kxh3 Kf6 62. Kh4 Bxf5 63. gxf5 Kxf5 64. Kg3 Kg5 65. Kg2 Kg4 0-1